000 03805nam a22003377a 4500
003 UA-OsUOA
001 68524
007 ta
008 20100429b un ||||| |||| 00| 0 ukr d
100 _aЗаярнюк А.
090 _a94(477.83/86)
_bЗ-40
942 _cBK
040 _aUA-OsUOA
_bukr
_cUA-OsUOA
_dUA-OsUOA
245 _aІдіоми емансипації: "Визвольні" проєкти і галицьке село у середині ХІХ століття
_bмонографія
300 _a335 с.
955 _a1
041 _aukr
080 _a94(477.83/86)
020 _a966-8978-01-3
520 3 _aМонографія львівського історика Андрія Заярнюка написана в жанрі соціяльної історії і розповідає про східногалицьких селян середини ХІХ ст.- часу, коли вони переживали радикальну трансформацію. Глобальні зрушення в Австрійській імперії, повязані з рев
520 3 _aолюцією 1848 р., конституційними й ліберальними реформами 1860-х рр., змінили правовий статус селян, уможливили їхню участь у політичному житті, надали їм певних свобод, змінили правовий статус землеволодіння і вплинули на економічну діяльність. Більш
520 3 _aе за те, середина ХІХ ст. була епохою, коли селяни зіткнулися з національними рухами і проєктами.В книжці досліджено, як відбувалась реальна емансипація у Східній Галичині і як вона змінювала соціяльні практики, що стосувалися галицьких селян. Але ц
520 3 _aі практики неможливо ні зрозуміти, ні пояснити, не врахувавши мови процесу емансипації - певних формул, що ними послуговувалися для обгрунтування змін і для пояснень чинних практик та підставових уявлень, з яких ці формули поставали.ЗМІСТ П
520 3 _aодяки Вступ Розділ перший 1846 рік: забута революція Історія Юзефа Боберського Історія Василя Височанського Таємна зустріч У домі священика Напад на центр округу Справа з Маткова Інтерпретація Р
520 3 _aозділ другий 1848 рік: по той бік «Весни народів» Національне Спадок абсолютизму Соціяльне Участь і дії селян Самбірські русини Розділ третій Ігри власности Проблема висвітлення сервітутного
520 3 _aпитання Справа з Білини Великої Справа з Лановичів Випадок Морозовичів Випадок Недільної Справа сервітутів на форумі Галицького Сойму Сервітути і руські активісти Висновки Джерела та література П
520 3 _aримітки Покажчик
260 _aК.
_bКритика
_c2007
650 7 _a9 Географія. Біографії. Історія
_2UDC
999 _c354764
_d354764